000 00276nmm a2200097Ia 4500
008 220120s9999||||xx |||||||||||||||||und||
020 _a0-07-044580-X
100 _aChip
245 0 _aPower tools pack, auto desk 3ds max 2013, ubuntu .12.04 (t
260 _aInfomedia18
_bNew Delhi
999 _c139754
_d139754